000 005580000a22001810004500
003 MACL
005 20160512171938.0
008 160512b xxu||||| |||| 00| 0 eng d
040 _aMACL
_cMACL
041 _aHindi
082 _a891.431 SHA
100 _aशर्मा, मधु
_956566
245 _aये लहरें घेर लेती हैं
_cमधु शर्मा
260 _bमेघा बुक्‍स
_c2007
_aनई दिल्‍ली
350 _a150
650 _aPoetry
_956567
942 _cHIN
_k891.431/SHA/P
_2ddc
999 _c10784
_d10784